North American Sports Teams Furthest From Any Other - Statistics

General Stats
  • This quiz has been taken 9,623 times
  • The average score is 10 of 20
Answer Stats
League Distance Team % Correct
NFL 680 mi Seahawks
79%
NFL 564 mi Broncos
69%
MLB 678 mi Mariners
69%
NBA 370 mi Nuggets
67%
NBA 479 mi Trailblazers
64%
NBA 370 mi Jazz
63%
MLB 563 mi Rockies
62%
NBA 358 mi Suns
54%
NFL 410 mi Chiefs
53%
NHL 371 mi Avalanche
51%
MLB 299 mi Diamondbacks
49%
NHL 390 mi Jets
49%
NHL 362 mi Mammoth
49%
MLB 296 mi Twins
42%
NFL 320 mi Saints
39%
NHL 547 mi Stars
39%
NHL 344 mi Wild
37%
NBA 336 mi Grizzlies
36%
NFL 312 mi 49ers
34%
MLB 360 mi Braves
27%
No matching quizzes found
Score Distribution
Percent of People with Each Score
Percentile by Number Answered
Your Score History
You have not taken this quiz